Solidarity in Europe (Record no. 10395)

MARC details
000 -LEADER
fixed length control field 00691nam a2200121Ia 4500
008 - FIXED-LENGTH DATA ELEMENTS--GENERAL INFORMATION
fixed length control field 220615s9999||||xx |||||||||||||| ||und||
245 #0 - TITLE STATEMENT
Title Solidarity in Europe
Remainder of title Citizens' Responses in Times of Crisis
546 ## - LANGUAGE NOTE
Language note English[eng]
650 ## - SUBJECT ADDED ENTRY--TOPICAL TERM
Topical term or geographic name entry element solidarity in Europe||transnational solidarity||political sociology||citizen responses to crisis||asylum policies||refugee crisis||attitudes towards European Union
700 ## - ADDED ENTRY--PERSONAL NAME
Personal name Lahusen, Christian||Grasso, Maria T.
856 ## - ELECTRONIC LOCATION AND ACCESS
Uniform Resource Identifier <a href="https://library.oapen.org/bitstream/20.500.12657/27870/1/1002134.pdf||https://library.oapen.org/bitstream/20.500.12657/27870/1/1002134.pdf||https://library.oapen.org/bitstream/20.500.12657/27870/1/1002134.pdf">https://library.oapen.org/bitstream/20.500.12657/27870/1/1002134.pdf||https://library.oapen.org/bitstream/20.500.12657/27870/1/1002134.pdf||https://library.oapen.org/bitstream/20.500.12657/27870/1/1002134.pdf</a>
942 ## - ADDED ENTRY ELEMENTS (KOHA)
Koha item type E-Books
Holdings
Withdrawn status Lost status Damaged status Not for loan Home library Current library Date acquired Total Checkouts Date last seen Price effective from Koha item type
        Kerala University of Digital Sciences, Innovation and Technology Knowledge Centre Kerala University of Digital Sciences, Innovation and Technology Knowledge Centre 15/06/2022   15/06/2022 15/06/2022 E-Books